Les plus gros transferts de football - Statistiques

Statistiques générales
  • Ce quiz a été pris 61 fois
  • Le résultat moyen est 6 sur 15
Statistiques - réponses
Hint Réponse % Correct
180 millions Kylian Mbappé
91%
222 millions Neymar Jr
82%
117 millions Cristiano Ronaldo
75%
145 millions Ousmane Dembélé
60%
120 millions Antoine Griezmann
56%
105 millions Paul Pogba
47%
121 millions Enzo Fernandez
29%
135 millions Philippe Coutinho
24%
117,5 millions Jack Grealish
20%
126 millions Joao Félix
18%
115 millions Eden Hazard
16%
133 millions Moises Caicedo
16%
122 millions Declan Rice
15%
103 millions Jude Bellingham
15%
113 millions Romelu Lukaku
9%
Aucun quiz correspondant
Distribution des résultats
% des personnes avec chaque résultat
Percentile par nombre de réponses
Votre historique - résultats
Vous n’avez pas pris ce quiz